[Event "Cto. Autonómico por Equipos 2007"]
[Site "Aragón"]
[Date "2007.02.17"]
[Round "4.52"]
[White "Tello Casao Rafael"]
[Black "Cajo Esteban Ruben"]
[Result "1-0"]
[WhiteElo "1616"]
[BlackElo "1776"]

1.e4 e5 2.Nf3 Nf6 3.Nc3 Bb4 4.Bc4 d6 5.O-O Bxc3 6.dxc3 Bg4 7.Qd3 O-O 8.Bg5
Nbd7 9.b4 a6 10.Nd2 Qe8 11.Qg3 Kh8 12.Rae1 Be6 13.Qh4 Bxc4 14.Nxc4 Qe6 15.Ne3
Ng8 16.Nd5 Rac8 17.Re3 f5 18.Rh3 Qg6 19.Rg3 f4 20.Bxf4 Qxe4 21.Rxg7 Rxf4 22.
Nxf4 1-0

[Event "Cto. Autonómico por Equipos 2007"]
[Site "Aragón"]
[Date "2007.02.17"]
[Round "4.21"]
[White "Martinez Catalin Francisco Javier"]
[Black "Adla Diego Gustavo"]
[Result "0-1"]
[WhiteElo "2240"]
[BlackElo "2470"]

1.e4 c5 2.Nc3 d6 3.g3 Nc6 4.Bg2 g6 5.d3 Bg7 6.Be3 Nf6 7.Qc1 Nd4 8.Nce2 e5 9.c3
Ne6 10.Nf3 O-O 11.Bh6 Bxh6 12.Qxh6 c4 13.dxc4 Qb6 14.O-O Qxb2 15.Qd2 Qb6 16.
Nh4 Nc5 17.Nf5 Ncxe4 18.Ne7+ Kg7 19.Qc2 Nc5 20.Kh1 Be6 21.Nd5 Nxd5 22.cxd5 Bf5
0-1

[Event "Cto. Autonómico por Equipos 2007"]
[Site "Aragón"]
[Date "2007.02.17"]
[Round "4.22"]
[White "Villuendas Valero Adrian"]
[Black "Solano Lasierra Javier"]
[Result "1/2-1/2"]
[WhiteElo "2224"]
[BlackElo "2132"]

1.d4 d5 2.c4 e6 3.Nc3 Nf6 4.cxd5 exd5 5.Bg5 Be7 6.Qc2 O-O 7.e3 Nbd7 8.Bd3 h6
9.Bh4 Re8 10.Nf3 c6 11.O-O Ne4 12.Bxe4 dxe4 13.Qxe4 Nf6 14.Qc2 Qa5 15.Ne5 c5
16.Nc4 Qa6 17.Bxf6 Bxf6 18.Nd5 Be6 19.Nxf6+ gxf6 20.d5 Bxd5 21.Nd2 Qc6 22.e4
Bxe4 23.Nxe4 Rxe4 24.Rac1 b6 25.Qd2 Kg7 26.Rc3 Qe6 27.Rg3+ Rg4 28.Re1 Qf5 29.
Rxg4+ Qxg4 30.Re3 Qf5 31.h3 c4 32.Rf3 Qe6 33.Re3 Qf5 34.Rf3 Qe6 35.Re3 Qf5
1/2-1/2

[Event "Cto. Autonómico por Equipos 2007"]
[Site "Aragón"]
[Date "2007.02.17"]
[Round "4.23"]
[White "Pellicer Cemeli Jose Luis"]
[Black "Cortes Lizano Jesus"]
[Result "0-1"]
[WhiteElo "2043"]
[BlackElo "2154"]

1.d4 Nf6 2.c4 e6 3.Nc3 Bb4 4.e3 c5 5.Bd3 Bxc3+ 6.bxc3 d6 7.Nf3 O-O 8.O-O Nc6
9.e4 Ne8 10.Qe2 e5 11.Be3 b6 12.d5 Na5 13.Nd2 Qd7 14.f4 exf4 15.Rxf4 f6 16.
Raf1 Nb7 17.e5 dxe5 18.Bxh7+ Kxh7 19.Rh4+ Kg8 20.Qh5 Ned6 21.Qh7+ Kf7 22.Rxf6+
Kxf6 23.Nf3 Nf7 24.Rh5 Rh8 25.Bg5+ Nxg5 26.Qxh8 Nxf3+ 27.gxf3 Qf7 28.Rh6+ Ke7
29.Rh7 Qg6+ 30.Kf2 Kf7 31.Rh4 Nd6 32.Qd8 Qf6 0-1

[Event "Cto. Autonómico por Equipos 2007"]
[Site "Aragón"]
[Date "2007.02.17"]
[Round "4.24"]
[White "Lafarga Bueno Daniel"]
[Black "Felez Casedas Carlos"]
[Result "0-1"]
[WhiteElo "1829"]
[BlackElo "2010"]

1.c4 e5 2.Nc3 Nc6 3.g3 g6 4.Bg2 Bg7 5.Nf3 d6 6.O-O Nf6 7.d3 O-O 8.Rb1 Re8 9.
Bg5 h6 10.Bxf6 Bxf6 11.Nd5 Bg7 12.b4 Ne7 13.Nd2 c6 14.Nc3 d5 15.b5 e4 16.Qb3
exd3 17.exd3 dxc4 18.Qxc4 Be6 19.Qb4 Qxd3 20.Nce4 Nd5 21.Qb3 Qxb3 22.Rxb3 Nc7
23.Rd3 Nxb5 24.a4 Nc7 25.Nc5 Rad8 0-1

[Event "Cto. Autonómico por Equipos 2007"]
[Site "Aragón"]
[Date "2007.02.17"]
[Round "4.45"]
[White "Hinojar Basa Alfonso"]
[Black "Cantin Zaborras Valentin"]
[Result "1-0"]
[WhiteElo "2207"]
[BlackElo "2125"]

1.e4 c5 2.Nf3 d6 3.d4 cxd4 4.Nxd4 Nf6 5.Nc3 g6 6.g3 Bg7 7.Bg2 Nc6 8.Nde2 O-O
9.O-O Rb8 10.a4 a6 11.Nd5 Nd7 12.c3 b5 13.axb5 axb5 14.Nd4 Nxd4 15.cxd4 e6 16.
Nf4 Bb7 17.Be3 Re8 18.Qd2 e5 19.Ne2 exd4 20.Nxd4 Nc5 21.f3 d5 22.Qb4 dxe4 23.
Qxc5 exf3 24.Nxf3 Bxf3 25.Rxf3 Rxe3 26.Rxe3 Bd4 27.Qa3 Qb6 28.Re1 Re8 29.Kf2
f5 30.Bd5+ Kg7 31.Kf3 Bxe3 32.Rxe3 b4 33.Qb3 Qb5 34.Rxe8 Qf1+ 35.Ke3 Qe1+ 36.
Kd4 Qxe8 37.Qxb4 Qe2 38.Qc3 Qxh2 39.b4 f4 40.Qc7+ 1-0

[Event "Cto. Autonómico por Equipos 2007"]
[Site "Aragón"]
[Date "2007.02.17"]
[Round "4.46"]
[White "Valiente Roy Jose Javier"]
[Black "Portero Garnica Miguel Angel"]
[Result "0-1"]
[WhiteElo "2079"]
[BlackElo "2175"]

1.d4 d6 2.g3 e5 3.dxe5 dxe5 4.Qxd8+ Kxd8 5.Nf3 f6 6.Bg2 c6 7.O-O Bf5 8.c3 Nd7
9.Nbd2 Kc7 10.b3 Nh6 11.a4 a5 12.Ba3 Nf7 13.Bxf8 Rhxf8 14.b4 Nd6 15.Rfc1 Be6
16.Ne1 f5 17.e3 g5 18.Bf1 f4 19.exf4 gxf4 20.b5 e4 21.Nc2 Ne5 22.Nd4 Rae8 23.
c4 c5 24.b6+ Kxb6 25.Nxe6 Rxe6 26.Nb3 e3 27.fxe3 fxg3 28.Rab1 gxh2+ 29.Kh1 Rh6
30.Bg2 Ng4 31.Bd5 Nf2+ 32.Kg2 h1=Q+ 33.Rxh1 Nxh1 34.Nd2+ Kc7 35.Rxh1 Rg6+ 36.
Kh3 Rf2 37.Rd1 Nf5 38.Ne4 Rf3+ 39.Kh2 Nxe3 40.Nxc5 Rg2+ 0-1

[Event "Cto. Autonómico por Equipos 2007"]
[Site "Aragón"]
[Date "2007.02.17"]
[Round "4.47"]
[White "Jario Garcia Ricardo Javier"]
[Black "Gutierrez Barrachina Jose A"]
[Result "1-0"]
[WhiteElo "2161"]
[BlackElo "1983"]

1.e4 Nf6 2.e5 Nd5 3.c4 Nb6 4.c5 Nd5 5.d4 d6 6.cxd6 cxd6 7.Bc4 Nb6 8.Bb5+ Bd7
9.e6 fxe6 10.Bd3 Qc7 11.Nc3 Bc6 12.Qg4 Nd5 13.Nge2 Nf6 14.Qh3 Bd7 15.Bg6+ Kd8
16.O-O Nc6 17.Qh4 Be8 18.Bc2 a6 19.Rd1 Nb4 20.Bb3 Nbd5 21.Nxd5 exd5 22.Bg5 Bf7
23.Nf4 Qa5 24.Re1 Ne4 25.Rxe4 dxe4 26.Bxf7 Rc8 27.Nd5 Rc2 28.Qxe4 Qxa2 1-0

[Event "Cto. Autonómico por Equipos 2007"]
[Site "Aragón"]
[Date "2007.02.17"]
[Round "4.48"]
[White "Lopez Capape Armando"]
[Black "Gaspar Calvo Luis Alberto"]
[Result "1-0"]
[WhiteElo "1900"]
[BlackElo "1930"]

1.d4 Nf6 2.c4 e6 3.Nf3 Bb4+ 4.Bd2 c5 5.a3 Bxd2+ 6.Nbxd2 cxd4 7.Nxd4 a6 8.g3
Qb6 9.N2b3 Nc6 10.c5 Qc7 11.Bg2 O-O 12.O-O b5 13.Nxc6 dxc6 14.Qd6 Qxd6 15.cxd6
Bd7 16.Rac1 Rac8 17.Nc5 Rfd8 18.Nxa6 e5 19.Nc5 Bg4 20.f3 Bh5 21.Bh3 Rb8 22.d7
Nd5 23.Kf2 Bg6 24.e4 Nb6 25.Rfd1 Nc4 26.Rc2 Kf8 27.Bf1 Nb6 28.Rd6 Ke7 29.Rcd2
f5 30.Re6+ Kf7 31.Rxe5 fxe4 32.fxe4 Nxd7 33.Rxd7+ Rxd7 34.Nxd7 Rd8 35.Bh3 Rc8
36.Ke3 Rc7 37.Rc5 Ke7 38.Re5+ Kf7 39.Be6+ Ke7 40.Bf5+ Kd6 41.Re6+ Kxd7 42.
Rxg6+ Kd8 43.Rd6+ Ke7 44.e5 c5 45.Rb6 g6 46.Be4 1-0

[Event "Cto. Autonómico por Equipos 2007"]
[Site "Aragón"]
[Date "2007.02.17"]
[Round "4.42"]
[White "Navarro Alonso Jorge Luis"]
[Black "Cobo Israel"]
[Result "0-1"]
[WhiteElo "2114"]
[BlackElo "1969"]

1.e4 d5 2.exd5 Qxd5 3.Nc3 Qa5 4.Bc4 Nf6 5.d3 c6 6.Ne2 Bg4 7.O-O e6 8.f3 Bh5 9.
Ng3 Bd6 10.Qe1 O-O 11.f4 Nbd7 12.Kh1 Bg6 13.Bxe6 Rae8 14.f5 Bxg3 15.Qxg3 Nh5
16.Qd6 fxe6 17.Qxd7 exf5 18.Qxb7 f4 19.Qxc6 Ng3+ 20.hxg3 fxg3 21.Bg5 Qxg5 22.
Rxf8+ Kxf8 23.Rf1+ Bf5 24.Kg1 Qe3+ 25.Kh1 0-1

[Event "Cto. Autonómico por Equipos 2007"]
[Site "Aragón"]
[Date "2007.02.17"]
[Round "4.43"]
[White "Sanz Lopez R"]
[Black "Garcia Fernandez Javier"]
[Result "0-1"]
[WhiteElo "1944"]
[BlackElo "2095"]

1.d4 Nf6 2.Bg5 e6 3.Nf3 b6 4.Nbd2 Bb7 5.e3 Be7 6.Bd3 c5 7.O-O O-O 8.c3 d6 9.
Qe2 Nc6 10.h3 e5 11.dxe5 Nxe5 12.Nxe5 dxe5 13.e4 Ne8 14.Be3 Bg5 15.Nc4 Qe7 16.
Rad1 Rd8 17.Qg4 Bxe3 18.Nxe3 Nd6 19.Bc2 Bc8 20.Qg3 g6 21.Nd5 Qe6 22.Qh4 Kg7
23.f4 f6 24.Nc7 Qe7 25.Nd5 Qe6 26.Nc7 Qf7 27.fxe5 Qxc7 28.exd6 Rxd6 29.Qf4 Rc6
30.Qd2 Re6 31.Qd5 Re7 32.Ba4 Bb7 33.Qd6 Qxd6 34.Rxd6 Rxe4 35.Bb3 c4 36.Ba4 Re5
37.Bc6 Bxc6 38.Rxc6 Re4 39.Rf2 f5 40.Rd2 Rfe8 41.Rc7+ R8e7 42.Rdd7 Kf6 43.Rxe7
Rxe7 44.Rxc4 Re2 45.Rc7 Rxb2 46.Rxa7 h5 47.Rb7 Ke5 48.a4 Kf4 49.Kh2 g5 50.a5
b5 51.Rd7 g4 52.hxg4 hxg4 53.Rd4+ Kg5 54.Rb4 Rc2 55.Rxb5 Kh4 56.Rb1 Ra2 57.Rc1
g3+ 58.Kg1 Rxa5 59.c4 Rc5 60.Kf1 Kg4 61.Rc3 Kf4 62.Ke2 Re5+ 63.Kf1 Rc5 64.Ke2
Re5+ 65.Kf1 Rc5 66.Ke2 Ke4 67.Re3+ Kf4 68.Rc3 Ke4 69.Re3+ Kd4 70.Rxg3 Rxc4 71.
Rg8 Ke4 72.Re8+ Kf4 73.Rg8 Rc2+ 74.Kd3 Rc1 75.Kd2 Rc6 76.Rg7 Re6 77.Rg8 Re3
78.Kd1 Rg3 79.Re8 Rxg2 80.Ke1 Kf3 81.Kf1 Ra2 82.Re1 f4 83.Kg1 Kg3 84.Rf1 f3
85.Kh1 f2 86.Rb1 Ra3 87.Rb3+ Kf4 88.Rb1 Kf3 89.Kh2 Re3 90.Rb8 f1=Q 91.Rf8+ Ke2
92.Rf3 Qf2+ 0-1

[Event "Cto. Autonómico por Equipos 2007"]
[Site "Aragón"]
[Date "2007.02.17"]
[Round "4.44"]
[White "Pellicer Coloma Pedro"]
[Black "Gayan Miguel Angel"]
[Result "1-0"]
[WhiteElo "2007"]
[BlackElo "1917"]

1.d4 d5 2.Nf3 Nf6 3.e3 Bf5 4.Bd3 Bxd3 5.cxd3 c6 6.Nc3 e6 7.e4 dxe4 8.dxe4 Be7
9.O-O O-O 10.Bf4 Nbd7 11.Ng5 h6 12.Nh3 Re8 13.Bg3 Nf8 14.f4 Bb4 15.Nf2 c5 16.
a3 Bxc3 17.bxc3 Qa5 18.Qf3 cxd4 19.cxd4 Ng6 20.Rac1 Rac8 21.Rxc8 Rxc8 22.f5
Rc3 23.Nd3 exf5 24.e5 Qxa3 25.exf6 Rxd3 26.Qxf5 Qb3 27.fxg7 Rd1 28.Be1 Qe3+
29.Kh1 Qe6 30.Qf2 Kxg7 31.d5 Qxd5 32.Qxa7 Kg8 33.Qb8+ Kh7 34.Qc7 Qd7 35.Qc2
Kg8 36.h3 b5 37.Qb3 Qd5 38.Qg3 Qc4 39.Rg1 Rd3 40.Qb8+ Kh7 41.Bg3 Qc3 42.Rf1
Qc4 43.Rb1 Rb3 44.Ra1 Qd4 45.Rf1 Qd5 46.Qc7 Kg7 47.Kh2 Rd3 48.Rf2 b4 49.Qb6 b3
50.Qf6+ Kg8 51.Bf4 Qd4 52.Qxd4 Rxd4 53.Bxh6 Ne5 54.Rb2 Rb4 55.Bd2 Rb5 56.Bc3
Nc4 57.Rb1 Na3 58.Rb2 Nc4 59.Rb1 Na3 60.Rb2 Kh7 61.Kg3 Nc4 62.Rb1 Na3 63.Rf1
Kg6 64.Rf6+ Kg5 65.h4+ Kh5 66.Bd2 Rd5 67.Rh6# 1-0

[Event "Cto. Autonómico por Equipos 2007"]
[Site "Aragón"]
[Date "2007.02.17"]
[Round "4.41"]
[White "Laliena Solares Luis"]
[Black "Andres Terrado Miguel Angel"]
[Result "1/2-1/2"]
[WhiteElo "2175"]
[BlackElo "2124"]

1.d4 Nf6 2.Nf3 g6 3.Bf4 Bg7 4.e3 d6 5.h3 O-O 6.Be2 c5 7.c3 Nc6 8.O-O b6 9.a4
Bb7 10.Nbd2 Nd7 11.Nc4 d5 12.Ncd2 e5 13.dxe5 Ncxe5 14.Qb3 Bc6 15.Rfd1 Qe7 16.
Bg5 Bf6 17.Bxf6 Qxf6 18.Nxe5 Nxe5 19.Nf3 Nc4 20.Nh2 Qe6 21.Qc2 Rfe8 22.Bf3 Ne5
23.Be2 Nc4 24.Bf3 Ne5 25.Be2 Nc4 1/2-1/2

[Event "Cto. Autonómico por Equipos 2007"]
[Site "Aragón"]
[Date "2007.02.10"]
[Round "3.1"]
[White "Hernando Garcia Antonio"]
[Black "Del Rey Diego"]
[Result "0-1"]
[WhiteElo "2209"]
[BlackElo "2399"]

1.Nf3 d5 2.c4 dxc4 3.Na3 Be6 4.e3 Nf6 5.Bxc4 Bxc4 6.Nxc4 Qd5 7.Nce5 e6 8.O-O
Be7 9.d4 O-O 10.b3 Na6 11.Bb2 c5 12.dxc5 Qxd1 13.Rfxd1 Nxc5 14.Kf1 Nd5 15.Nd3
Ne4 16.Rdc1 Rfd8 17.Ke2 a5 18.a4 Nb4 19.Nfe1 Na6 20.Bd4 Rd5 21.f3 Nf6 22.Rc4
Ne8 23.Rac1 Nd6 24.R4c2 g5 25.g4 f6 26.Bc3 f5 27.h3 Bf8 28.Bb2 b5 29.Ba3 bxa4
30.bxa4 Rd8 31.Bxd6 R5xd6 32.Rc6 Nb4 33.Rxd6 Rxd6 34.Rc8 Rb6 35.Ra8 Ra6 36.
Rxa6 Nxa6 37.Nc2 Bc5 38.Nd4 Bxd4 39.exd4 Nc7 40.Nc5 Kf7 41.Nb7 Nd5 42.Nxa5
Nc3+ {El negro ofrece tablas} 43.Kd2 {El blanco, a pesar de que entra a jugar ya solo con el tiempo del incremento pero en vista la situación del equipo ( 1'5 a 0´5 perdiendo y la otra partida mal pero con alguna posibilidad aún ), opta por seguir jugando.}
43...Nxa4 44.Nc4 e5 45.Nxe5+ Ke6 46.Nc4 Kd5 47.Kd3 f4 48.Ne5 Nb2+ 49.Kc3 Nd1+
50.Kd2 Nf2 51.Nf7 Nxh3 52.Kd3 {El blanco sigue rechazando líneas en donde cree el negro puede hacer tablas con más o menos facilidad y efectua esta jugada con 3' segundos en su reloj}
(52.Ke2 Kxd4 53.Kf1 Ke3 54.Kg2 Nf2 55.Nxg5 h6 56.Nf7 Nd3) (52.Ke1 Kxd4 53.Ke2
Ng1+ 54.Kf2 Nh3+ 55.Kg2 Ke3 56.Kxh3 Kxf3 57.Nxg5+ Ke3 $1) 52...h6 {Esta jugada dudosa tiene un fuerte impacto dada la premura de tiempo del blanco. Normal y esperada era Re6 con buenas probabilidades de tablas.}
53.Ne5 $2 {Esta jugada es un grave error y esto se paga caro. Evidentemente la captura del peón h6 solo llevaba a tablas tras Cg1 del negro.}
(53.Ke2 $1 {Dado que antes no era suficiente no considero esta jugada pero que, ahora, ofrece unas más que excelentes posibilidades de victoria.}
53...Kxd4 (53...h5 54.gxh5 Ke6 55.Ne5 g4 56.fxg4 Ng5 57.Nf3) 54.Nxh6 Kc3 (
54...Ng1+ 55.Kf2 Nxf3 56.Kxf3 Ke5 57.Nf7+ Kf6 58.Nd6 Kg6 59.Ke4) 55.Kf1 Kd3
56.Kg2 Ke3 57.Kxh3 Kxf3 58.Nf7) 53...Ng1 {Ahora la ventaja es del negro y, además, tras la derrota del otro jugador del equipo, ya está decidido el encuentro}
54.Nf7 (54.Kc3 Ne2+ 55.Kd3 Nxd4 56.Nf7 Nxf3 57.Nxh6 Ne5+) 54...Nxf3 55.Nxh6
Nxd4 56.Nf7 Ne6 {El blanco perdió algunas jugadas después.} 0-1

[Event "Cto. Autonómico por Equipos 2007"]
[Site "Aragón"]
[Date "2007.02.24"]
[Round "5.1"]
[White "Lopez Gracia Fernando"]
[Black "Llorente Zaro Alfonso"]
[Result "0-1"]
[WhiteElo "2328"]
[BlackElo "2353"]

1.e4 c5 2.Nf3 Nc6 3.Bb5 Na5 4.O-O a6 5.Be2 d6 6.d4 cxd4 7.Nxd4 Nf6 8.Nc3 e5 9.
Nb3 Be7 10.Be3 Be6 11.Nxa5 Qxa5 12.a4 Rc8 13.Qd2 d5 14.exd5 Nxd5 15.Nxd5 Qxd2
16.Bxd2 Rxc2 17.Bc3 Rxe2 18.Ne3 f6 19.Rfb1 Bc5 20.Kf1 Rxe3 21.fxe3 Bxe3 22.Ra3
Bb6 23.Bd2 Kf7 24.Be3 Bxe3 25.Rxe3 Rc8 26.Rc3 Rxc3 27.bxc3 Bd5 28.Kf2 f5 29.g3
g5 30.a5 f4 31.c4 Bc6 32.Rd1 Ke7 33.gxf4 gxf4 34.c5 Kf6 35.Rd6+ Kg5 36.Rd8 Kh4
37.Rd6 h5 38.Re6 e4 39.Rf6 Kg4 40.Rg6+ Kh3 41.Rf6 e3+ 42.Ke2 Kg4 43.Rg6+ Kf5
44.Rh6 Ke4 45.Re6+ Kd4 46.Rd6+ Bd5 0-1

[Event "Cto. Autonómico por Equipos 2007"]
[Site "Aragón"]
[Date "2007.02.24"]
[Round "5.2"]
[White "Ramon Perez Jose Luis"]
[Black "Gomez Anadon Daniel"]
[Result "1/2-1/2"]
[WhiteElo "2336"]
[BlackElo "2280"]

1.e4 c5 2.Nc3 d6 3.f4 g6 4.d4 cxd4 5.Qxd4 Nf6 6.e5 Nc6 7.Bb5 Nd7 8.Bxc6 bxc6
9.exd6 Nf6 10.Be3 exd6 11.O-O-O Be7 12.Ne4 d5 13.Qe5 Be6 14.Bc5 Bxc5 15.Nxf6+
Ke7 16.Nf3 Qd6 17.Qg5 Kf8 18.Qh6+ Ke7 19.Qh4 Kf8 20.Rhe1 Kg7 21.Ne5 Qe7 22.
Ned7 Bxd7 23.Rxe7 Bxe7 24.Nh5+ Kf8 25.Nf6 Kg7 26.Nh5+ Kf8 27.Nf6 1/2-1/2

[Event "Cto. Autonómico por Equipos 2007"]
[Site "Aragón"]
[Date "2007.02.24"]
[Round "5.3"]
[White "Gonzalvo Lara Victor"]
[Black "Remiro Juste Fernando Jose"]
[Result "1-0"]
[WhiteElo "2156"]
[BlackElo "2331"]

1.e4 c5 2.Nf3 Nc6 3.Bb5 Na5 4.O-O a6 5.Be2 d6 6.d4 cxd4 7.Nxd4 Nf6 8.Nc3 e6 9.
Nb3 b5 10.e5 Nxb3 11.axb3 b4 12.exf6 bxc3 13.Bb5+ Bd7 14.Bxd7+ Qxd7 15.Qf3 d5
16.bxc3 gxf6 17.Qxf6 Rg8 18.Qf3 Qb7 19.Ra4 Bd6 20.Rd1 h5 21.h3 Be5 22.c4 Rc8
23.Re1 Qc7 24.cxd5 Qxc2 25.dxe6 fxe6 26.Qxh5+ Qg6 27.Qxg6+ Rxg6 28.Rxe5 Rxc1+
29.Kh2 Rc2 30.Rxa6 Kf7 31.Re3 Rxf2 32.Rf3+ Rxf3 33.gxf3 Kf6 34.Ra4 Rg8 35.Rg4
Rd8 36.Kg3 e5 37.b4 Rd3 38.Rc4 Kf5 39.h4 Rd1 40.Rc2 Rb1 41.Rc4 Rd1 42.Kf2 Rb1
43.Rg4 Rb2+ 44.Kg3 Rb1 45.h5 Rg1+ 46.Kh2 Rd1 47.h6 Rd8 48.h7 Rh8 49.Rh4 1-0

[Event "Cto. Autonómico por Equipos 2007"]
[Site "Aragón"]
[Date "2007.02.24"]
[Round "5.4"]
[White "Gomez Luesia Jesus"]
[Black "Moreno Gracia Daniel"]
[Result "0-1"]
[WhiteElo "2181"]
[BlackElo "2122"]

1.d4 Nf6 2.Nf3 e6 3.g3 d5 4.Bg2 b5 5.O-O Nbd7 6.b3 Bb7 7.c4 bxc4 8.bxc4 dxc4
9.Qa4 Be7 10.Ne5 Bxg2 11.Kxg2 O-O 12.Nc6 Nb6 13.Nxd8 Nxa4 14.Nc6 Bd6 15.Nd2 c3
16.Nc4 Nd5 17.Ba3 Bxa3 18.Nxa3 a5 19.Nc4 Ra6 20.N6xa5 Rfa8 21.Nb3 Nb2 22.Ne3
Nxe3+ 23.fxe3 Nc4 24.Rfc1 c2 25.Kf3 Na3 26.Ke4 g6 27.Kd3 Rc6 28.e4 Rd8 29.e3
e5 30.Na5 Ra6 31.Nc4 exd4 32.exd4 Nxc4 33.Kxc4 Ra4+ 34.Kb5 Rdxd4 35.Rxc2 Rxe4
36.Rac1 Reb4+ 37.Kc6 Ra7 38.Rd2 Rb6+ 39.Kd7 Rd6+ 40.Rxd6 cxd6+ 41.Kxd6 Rxa2
42.h4 Re2 43.g4 Rh2 44.h5 gxh5 45.gxh5 Rxh5 46.Ke7 Rh6 47.Re1 Kg7 48.Rf1 Re6+
49.Kd7 h5 50.Rg1+ Rg6 51.Rf1 Rg4 52.Kd6 Kg6 53.Ke5 Rg5+ 54.Ke4 f5+ 55.Kf3 h4
56.Ra1 Rg3+ 57.Kf4 Rg4+ 58.Kf3 Kg5 59.Ra8 Rg3+ 60.Kf2 Kg4 61.Ra4+ f4 62.Ra8
Rf3+ 63.Ke2 Re3+ 64.Kf2 Re5 65.Rg8+ Rg5 66.Rf8 h3 67.Rh8 Rh5 68.Rg8+ Kf5 69.
Rf8+ Ke5 70.Re8+ Kd6 71.Kg1 h2+ 72.Kh1 Kd5 73.Re7 Kd4 74.Re8 Kd3 75.Re7 Rh3
76.Ra7 Re3 77.Kxh2 Ke2 78.Rf7 f3 79.Kg1 Ke1 80.Rf8 Ke2 81.Rf7 Re5 82.Rf8 Re4
83.Rf7 Rg4+ 84.Kh2 f2 85.Re7+ Kf1 86.Rh7 Rg6 87.Rh8 Re6 88.Rf8 Ke1 89.Kg2 Rg6+
90.Kh2 f1=Q 91.Re8+ Qe2+ 0-1

[Event "Cto. Autonómico por Equipos 2007"]
[Site "Aragón"]
[Date "2007.02.24"]
[Round "5.10"]
[White "Aparicio Navarro Pedro Jose"]
[Black "Villuendas Valero Adrian"]
[Result "0-1"]
[WhiteElo "2205"]
[BlackElo "2224"]

1.c4 e6 2.Nf3 Nf6 3.g3 d5 4.b3 a5 5.Bb2 a4 6.d3 Be7 7.Bg2 O-O 8.O-O c6 9.Nbd2
b5 10.Rc1 a3 11.Ba1 Na6 12.Nd4 Bd7 13.cxb5 cxb5 14.N2f3 Qb6 15.Ne5 Rfc8 16.
Nxd7 Nxd7 17.e4 Bf6 18.Ne2 Bxa1 19.Rxa1 dxe4 20.dxe4 Rd8 21.Nc3 Rac8 22.Rc1
Ne5 23.Qh5 Nd3 24.Ne2 Nxc1 25.Nxc1 Nb4 26.e5 Rd2 27.Be4 g6 28.Qh6 Qd4 29.Qf4
Rd1 30.Ne2 Rxf1+ 31.Kxf1 Qd1+ 32.Kg2 Qxe2 33.Bb7 Rb8 34.Bf3 Qe1 0-1

[Event "Cto. Autonómico por Equipos 2007"]
[Site "Aragón"]
[Date "2007.02.24"]
[Round "5.11"]
[White "Cortes Lizano Jesus"]
[Black "Munoz Munoz Juan Carlos"]
[Result "1/2-1/2"]
[WhiteElo "2154"]
[BlackElo "2149"]

1.c4 e5 2.Nc3 Nf6 3.Nf3 d6 4.g3 g6 5.Bg2 Bg7 6.O-O O-O 7.d3 h6 8.Rb1 a5 9.a3
Re8 10.Nd2 c6 11.b4 axb4 12.axb4 d5 13.b5 Bg4 14.bxc6 bxc6 15.cxd5 cxd5 16.Qb3
Nc6 17.h3 Nd4 18.Qd1 Be6 19.e3 Nc6 20.Kh2 Qa5 21.Ne2 Bf5 22.e4 Be6 23.Nb3 Qb6
24.Be3 Qc7 25.Nc5 dxe4 26.Nxe6 Rxe6 27.dxe4 Qa5 28.Qc1 Qa6 29.Nc3 Kh7 30.Rb6
Qc4 31.Nd5 Qxc1 32.Rxc1 Nd4 33.Rb7 Rf8 34.Rcc7 Kg8 35.Ne7+ Kh7 36.Nd5 Kg8 37.
Ne7+ Kh7 38.Nd5 1/2-1/2

[Event "Cto. Autonómico por Equipos 2007"]
[Site "Aragón"]
[Date "2007.02.24"]
[Round "5.12"]
[White "Fernando Gros Jorge Luis"]
[Black "Lafarga Bueno Daniel"]
[Result "1-0"]
[WhiteElo "2084"]
[BlackElo "1829"]

1.d4 Nf6 2.c4 e6 3.Nc3 Bb4 4.e3 c5 5.Bd3 Bxc3+ 6.bxc3 Nc6 7.Nf3 d6 8.O-O O-O
9.Nd2 e5 10.h3 Re8 11.Qc2 cxd4 12.exd4 exd4 13.Bb2 dxc3 14.Bxc3 Ne5 15.Ne4
Nxe4 16.Bxe4 Qh4 17.Rfe1 Re6 18.c5 Rh6 19.cxd6 Bxh3 20.gxh3 Qg5+ 21.Kf1 Ng6
22.Bd2 1-0

[Event "Cto. Autonómico por Equipos 2007"]
[Site "Aragón"]
[Date "2007.02.24"]
[Round "5.13"]
[White "Colas Longares Rafael P"]
[Black "Cebrian Valverde Jose Antonio"]
[Result "1-0"]
[WhiteElo "2346"]
[BlackElo "2205"]

1.e4 e6 2.d4 d5 3.Nc3 Bb4 4.e5 Ne7 5.Nf3 c5 6.dxc5 Nbc6 7.Bd3 d4 8.a3 Ba5 9.b4
dxc3 10.bxa5 Qxa5 11.Rb1 Ng6 12.Bxg6 hxg6 13.Qd6 f6 14.O-O Kf7 15.exf6 gxf6
16.Rb3 Rd8 17.Qg3 Qxc5 18.Rxc3 Qh5 19.Rc4 Ne7 20.Bb2 Bd7 21.Rh4 Nf5 22.Qf4 g5
23.Qxf5 exf5 24.Rxh5 Kg6 25.Bxf6 Kxf6 26.Rxg5 Bc6 27.Rg3 Rac8 28.h3 Bxf3 29.
Rxf3 Rxc2 30.Rb1 Rd5 31.Rxb7 Ra5 32.g3 Ra2 33.Rbb3 Kg5 34.Kg2 1-0

[Event "Cto. Autonómico por Equipos 2007"]
[Site "Aragón"]
[Date "2007.02.24"]
[Round "5.14"]
[White "Gimeno Oteo Marco Antonio"]
[Black "Trigo Conde Isaac"]
[Result "1-0"]
[WhiteElo "2156"]
[BlackElo "2250"]

1.e4 g6 2.d4 Bg7 3.Nc3 d5 4.Be3 dxe4 5.Nxe4 Nd7 6.Bc4 Nb6 7.Bb3 Nf6 8.Nxf6+
Bxf6 9.Qd2 a5 10.a3 a4 11.Ba2 O-O 12.Ne2 Nd5 13.Bh6 Re8 14.O-O b5 15.Ng3 Bb7
16.Ne4 Bh8 17.Rad1 Nf6 18.Nxf6+ Bxf6 19.Bf4 c5 20.dxc5 Qxd2 21.Bxd2 Bxb2 22.
Bb4 Bf6 23.c4 Bc6 24.Rfe1 Red8 25.cxb5 Bxb5 26.Bd5 Rac8 27.Ba5 Rd7 28.Bb4 Rdc7
29.Bf3 e6 30.Rd6 Be7 31.Rb6 Be8 32.Bb7 Rb8 33.Ba6 Rd8 34.Rc1 Bg5 35.Re1 Be7
36.Rb7 Rdc8 37.c6 Bxb4 38.Rxb4 Rd8 39.Bb5 Rd5 40.Bxa4 Rc5 41.Rb8 Kf8 42.Rd1
Ra7 43.Bb5 Kg7 44.c7 Bxb5 45.c8=Q Rxc8 46.Rxc8 Rxa3 47.h4 h5 48.Rd4 Ra1+ 49.
Kh2 Ra2 50.Kg3 Ra3+ 51.Kh2 Ra2 52.Rc5 Bf1 53.Rf4 Ra7 54.Rc1 Bd3 55.Rd4 Bb5 56.
Rd8 Be2 57.Rdc8 Ra4 58.Kg3 Rg4+ 59.Kh3 Rf4 60.f3 Rf5 61.Kg3 Ra5 62.R8c7 Bd3
63.Rd1 Ra3 64.Re1 Kf6 65.Re3 Rb3 66.Rd7 Bc4 67.Rxb3 Bxb3 68.Kf4 e5+ 69.Ke3 Kf5
70.Rb7 Be6 71.Rb5 Kf6 72.Ke4 Bf5+ 73.Kd5 Bd3 74.Rb3 Bf1 75.g3 Kf5 76.Rb2 f6
77.Kd6 Bd3 78.Ke7 e4 79.fxe4+ Bxe4 80.Rf2+ Kg4 81.Rf4+ Kxg3 82.Rxe4 f5 83.Rb4
f4 84.Kf6 f3 85.Kg5 f2 86.Rf4 1-0

[Event "Cto. Autonómico por Equipos 2007"]
[Site "Aragón"]
[Date "2007.02.24"]
[Round "5.15"]
[White "Garcia Vicente Nieves"]
[Black "Gutierrez Minguenza Ruben"]
[Result "1/2-1/2"]
[WhiteElo "2207"]
[BlackElo "2080"]

1.d4 Nf6 2.c4 e6 3.Nc3 d5 4.Bg5 Be7 5.e3 O-O 6.Nf3 h6 7.Bxf6 Bxf6 8.Qc2 c6 9.
O-O-O Nd7 10.h4 h5 11.Ng5 Bxg5 12.hxg5 Qxg5 13.f4 Qg6 14.Qe2 Nf6 15.Qe1 Ng4
16.Bd3 f5 17.Qg3 Bd7 18.Kb1 Be8 19.c5 Qf6 20.Ne2 Qe7 21.Rc1 Bf7 22.Rc3 Rfc8
23.Bc2 Rab8 24.Nc1 Kf8 25.Nd3 Qd8 26.Qe1 Qe7 27.Bd1 Nf6 28.Bf3 g6 29.Qg3 Nd7
30.Rhc1 Qd8 31.Ra3 Ra8 32.Qe1 Be8 33.Rb3 Rcb8 34.Qg3 Qe7 35.Be2 Nf6 36.Bf3 Nd7
37.Ra3 Qd8 38.Rac3 Qe7 1/2-1/2

[Event "Cto. Autonómico por Equipos 2007"]
[Site "Aragón"]
[Date "2007.02.24"]
[Round "5.16"]
[White "Baldellou Vicente Roberto"]
[Black "Cabrera Moreno Daniel"]
[Result "0-1"]
[WhiteElo "2170"]
[BlackElo "2033"]

1.c4 Nf6 2.Nf3 e6 3.Nc3 d5 4.d4 Be7 5.g3 O-O 6.Bg2 Nbd7 7.O-O c6 8.b3 b6 9.Bb2
Bb7 10.Qc2 Qc7 11.Rfd1 Rac8 12.Rac1 Rfd8 13.Qb1 Qb8 14.Nd2 Qa8 15.e4 dxe4 16.
Ndxe4 c5 17.d5 exd5 18.Nxd5 Nxd5 19.cxd5 Re8 20.h4 h6 21.Qd3 Bf8 22.Bh3 Rcd8
23.Bf5 Ne5 24.Bh7+ Kh8 25.Qc2 Rxd5 26.Rxd5 Bxd5 27.Rd1 Nf3+ 28.Kg2 Nxh4+ 29.
gxh4 Kxh7 30.f3 Bxe4 31.fxe4 Qxe4+ 32.Qxe4+ Rxe4 33.Kf3 Re8 34.Rd7 Kg6 35.Rxa7
h5 36.Rb7 Re6 37.Bc1 Be7 38.Bf4 b5 39.Rxb5 Ra6 40.a4 c4 41.bxc4 Rxa4 42.c5 Rc4
43.Rb6+ Kf5 44.Bd6 Bxd6 45.cxd6 Ke6 46.Rb7 Rd4 47.Re7+ Kf6 48.Rd7 Rxh4 49.Rd8
Rd4 50.Ke3 Rd1 51.d7 Ke7 0-1

[Event "Cto. Autonómico por Equipos 2007"]
[Site "Aragón"]
[Date "2007.02.24"]
[Round "5.17"]
[White "Baron Rodriguez Jesus"]
[Black "Lamas Manuel"]
[Result "1-0"]
[WhiteElo "2422"]
[BlackElo "2270"]

1.e4 c5 2.Nf3 e6 3.d4 cxd4 4.Nxd4 Nf6 5.Nc3 Nc6 6.Nxc6 bxc6 7.Bd3 d5 8.O-O Be7
9.Qe2 O-O 10.b3 Qb6 11.Bb2 a5 12.Rad1 Ba6 13.e5 Nd7 14.Na4 Bxd3 15.Rxd3 Qc7
16.f4 Rfe8 17.Kh1 f5 18.exf6 Bxf6 19.Re3 Qd6 20.Bxf6 Nxf6 21.c4 Ne4 22.Kg1 Rf8
23.g3 Rf5 24.Qd3 Qc7 25.Nc3 Nxc3 26.Qxc3 Qa7 27.c5 d4 28.Qxd4 Qxc5 29.Qxc5
Rxc5 30.Rxe6 Rd8 31.Rf2 a4 32.bxa4 Ra8 33.Re4 Rc1+ 34.Kg2 c5 35.Rd2 c4 36.Re7
h6 37.Rdd7 Rxa4 38.Rxg7+ Kf8 39.f5 Rxa2+ 40.Kh3 Rf1 41.Kg4 c3 42.Rdf7+ Ke8 43.
f6 Ra4+ 44.Kh3 1-0

[Event "Cto. Autonómico por Equipos 2007"]
[Site "Aragón"]
[Date "2007.02.24"]
[Round "5.18"]
[White "Roche Simon Miguel Angel"]
[Black "Antoli Royo Joaquin Miguel"]
[Result "0-1"]
[WhiteElo "2180"]
[BlackElo "2304"]

1.e4 c5 2.Nf3 d6 3.d4 cxd4 4.Nxd4 Nf6 5.Nc3 a6 6.Bg5 e6 7.f4 Nc6 8.Qd2 h6 9.
Bh4 Nxe4 10.Bxd8 Nxd2 11.Bb6 Nxf1 12.Rxf1 Nxd4 13.Bxd4 Bd7 14.O-O-O Bc6 15.g3
b5 16.f5 b4 17.Nb1 e5 18.Bb6 Be7 19.Nd2 O-O 20.Rfe1 Rab8 21.Ba5 Rb5 22.Nb3 Bd5
23.Rxd5 Rxd5 24.Bxb4 Re8 25.h4 e4 26.Nd2 Re5 27.Bc3 Rxf5 28.Nxe4 Kf8 29.Rg1 d5
30.g4 Rf4 31.g5 h5 32.Ng3 d4 33.Ne2 Rxh4 34.Nxd4 Rg4 35.Rh1 Bxg5+ 36.Kb1 Bf6
37.Bb4+ Kg8 38.Nc6 Rc4 0-1